zpět

Detail výsledku týmu

Eden, Heřmanův Městec

Datum a čas kvízu

30 Celkem bodů Celkový počet nahraných bodů na tomto kvízu bez doplňovacích otázek.
5. Pořadí na kvízu Konečné umístění týmu na tomto kvízu.

Zaznamenané odpovědi

# Otázka Odpověď Body Výsledky
1. Který politik obdržel minulý t... Tomio Okamura 1
2. Ve které evropské zemi se obje... v Německu 0
3. Minulý týden jsme se dozvěděli... Yungblud 0
4. V pátek byla oznámena fúze dvo... Paramount (Skydance), Warner Bros. (Discovery) 1
5. Jak se jmenuje fotbalista, kte... Vladimír Darida 1
6. Název „Pyrenejský poloostrov“... Iberský poloostrov 1
7. Vyberte správné tvrzení týkají... B 1
8. Červeně vyznačená oblast na se... Baskicko, Bilbao 0.5
9. Jak se jmenuje portugalský mys... C 0
10. Poslední otázka se týká města... Porto 1